Szczegóły MARC21

Homo sociologicus w strukturze wartości /

003 -Nazwa inst., której nr kontr. jest w polu 001 [,]
    • @
    • Nazwa instytucji, której n kontrolny jest w polu 001
    • NUKAT
005 -DATA I CZAS OSTATNIEJ MODYFIKACJI [,]
    • @
    • pole kontrolne
    • 20241231115006.0
020 -Międzynarod. znormalizowany nr książki - ISBN [ , ]
    • a
    • Numer ISBN
    • 9788375860016 Find
040 -Instytucja sporządzająca opis [ , ]
    • a
    • Instytucja, która sporządziła opis (NP)
    • WR U/hp
    • c
    • Instytucja, która sporządziła rekord (NP)
    • WR U/hp
    • d
    • Instytucja, która zmodyfikowała rekord (P)
    • WR U/dl
    • d
    • Instytucja, która zmodyfikowała rekord (P)
    • GD U/EPs
    • d
    • Instytucja, która zmodyfikowała rekord (P)
    • KR 93/KKs
942 -Rodzaj dokumentu [ , ]
    • c
    • Rodzaj dokumentu
    • Książka
100 -Hasło główne - nazwa osobowa [1, ]
    • a
    • Nazwa osobowa (NP)
    • Podgórski, Ryszard Adam
    • d
    • Daty biograficzne (NP)
    • (1957- ).
    • 9
    • KHW
    • 41600
245 -Strefa tytułu i oznaczenia odpowiedzialności [1,0]
    • a
    • Tytuł
    • Homo sociologicus w strukturze wartości / Find
    • c
    • Pozostałe elementy strefy tytułu i oznaczenia odpowiedzialności (NP)
    • Ryszard Adam Podgórski.
246 -Wariant tytułu [1,4]
    • a
    • Tytuł (NP)
    • Homo socjologicus [!] w strukturze wartości
260 -Strefa adresu wydawniczego [ , ]
    • a
    • Miejsce wydania (P)
    • Rzeszów :
    • b
    • Nazwa wydawcy (P)
    • "Fosze",
    • c
    • Data wydania (P)
    • 2008.
300 -Strefa opisu fizycznego [ , ]
    • a
    • Określenie formy książki i/lub objętość (NP)
    • 146 s. :
    • b
    • Oznaczenie ilustracji (NP)
    • il. ;
    • c
    • Format (NP)
    • 24 cm.
336 -Typ zawartości [ , ]
    • a
    • Termin opisujący typ zawartości
    • Tekst
    • b
    • Kod określający zawartość
    • txt
    • 2
    • Źródło (terminu i kodu)
    • rdacontent
337 -Typ mediów [ , ]
    • a
    • Tryb odtwarzania
    • Bez urządzenia pośredniczącego
    • b
    • Kod typu mediów
    • n
    • 2
    • Źródło (terminu i kodu)
    • rdamedia
338 -Typ/rodzaj nośnika [ , ]
    • a
    • Hasło opisujące typ nośnika
    • Wolumin
    • b
    • Kod typu nośnika
    • nc
    • 2
    • Źródło (terminu i kodu)
    • rdacarrier
504 -Uwaga dot. bibliogr. załącznikowej [ , ]
    • a
    • Uwaga dot. bibliografii załącznikowej
    • Bibliogr. s. 143-146 i przy rozdz.
520 -Adnotacja wyjaśniająca lub analiza wskazująca [8, ]
    • a
    • Adnotacja wyjaśniająca lub analiza wskazująca
    • Książka przeznaczona jest [...] przede wszystkim dla studentów socjologii, psychologii, filozofii, pedagogiki i wszelkiego rodzaju nauk społecznych.
080 -Uniwersalna Klasyfikacja Dziesiętna [ , ]
    • 2
    • Identyfikator wydania tablic
    • UDC-P058
    • a
    • Symbol klasyfikacji
    • 172
    • b
    • Dopowiedzenie
    • Etyka społeczna. Moralność społeczna.
080 -Uniwersalna Klasyfikacja Dziesiętna [ , ]
    • 2
    • Identyfikator wydania tablic
    • UDC-P058
    • a
    • Symbol klasyfikacji
    • 316.7
    • b
    • Dopowiedzenie
    • Socjologia kultury. Kulturowy kontekst życia społecznego. Antropologia społeczna. Kultura różnych społeczeństw. Cywilizacja. Podkultury. Subkultury. Kultura masowa. Kultury różnych grup. Dynamika kultury. Akulturacja. Zmiana kulturowa. Rozprzestrzenianie się kultury. Sankcje społeczne. Uspołecznianie zachowań.
650 -Hasło przedmiotowe [ ,7]
    • a
    • Hasło przedmiotowe
    • Jednostka i społeczeństwo.
    • 2
    • Źródło terminu
    • kaba
    • 9
    • KHW
    • 112748
650 -Hasło przedmiotowe [ ,7]
    • a
    • Hasło przedmiotowe
    • Wartości społeczne.
    • 2
    • Źródło terminu
    • kaba
    • 9
    • KHW
    • 135078
650 -Hasło przedmiotowe [ ,7]
    • a
    • Hasło przedmiotowe
    • Wartości (filozofia).
    • 2
    • Źródło terminu
    • kaba
    • 9
    • KHW
    • 135076
980 -Symbol UKD [ , ]
    • a
    • UKD
    • 172:316.7
710 -Hasło dodatkowe - nazwa ciała zbiorowego [2, ]
    • a
    • Nazwa ciała zbiorowego lub nazwa geograficzna jako pierwszy element (NP)
    • Wydawnictwo Oświatowe Fosze.
    • 4
    • Kod relacji
    • pbl
    • 9
    • KHW
    • 77866
920 -ISBN [ , ]
    • a
    • ISBN
    • 978-83-7586-001-6 Find
Status udost. Numer inwentarzowy Lokalizacja Data inwentaryzacji
-3WM.8863BG2008-11-20
-3WM.8864BG2008-11-20
-3WM.8865BG2008-11-20
1Z.111778BG2008-11-20
1H.26214BNS2014-09-29